Quelle sélection a joué avec ce maillot ? #4 - Statistiques

Statistiques générales
  • Ce quiz a été pris 186 fois
  • Le résultat moyen est 18 sur 20
Statistiques - réponses
Par images Réponse % Correct
France (1998)
100%
Portugal (2006-08)
100%
Belgique (2014-15)
99%
Brésil (1990)
99%
Japon (2018)
99%
Allemagne (1988-90)
98%
Angleterre (2020-22)
98%
Argentine (1999-2000)
98%
Croatie (1994-96)
98%
Espagne (2012-13)
98%
Italie (2018-19)
98%
Pays-Bas (1997-98)
98%
Uruguay (2018-19)
95%
Mexique (2022)
84%
Suisse (1994-96)
81%
Islande (2018-19)
80%
Nigeria (2018-19)
80%
Tunisie (2020-21)
75%
République Tchèque (2006-07)
46%
Afrique du Sud (2009-11)
45%
Aucun quiz correspondant
Distribution des résultats
% des personnes avec chaque résultat
Percentile par nombre de réponses
Votre historique - résultats
Vous n’avez pas pris ce quiz